000 00733nam a2200217 4500
008 171201b xxu||||| |||| 00| 0 eng d
020 _a0-07-557120-X
082 _21990
_aDC 658
_bR11
100 _923805
_aRachman, David J
245 _aBusiness today /
_cDavid J. Rachman ... [and three others]
250 _aSixth Edition
260 _aNew York :
_bMcGraw-Hill,
_c© 1990.
300 _axxxiii, 669 pages :
_bcolor illustrations ;
_c27 cm.
500 _aIncludes bibliographical references and indexes.
650 0 _923806
_aBusiness
650 0 _923807
_aManagement -- United States
700 _923808
_aMescon, Michael H.
700 _923809
_aBovee, Courtland L.
700 _923810
_aThill, John V.
942 _2ddc
_cDC
999 _c7841
_d7841